Метали, камъни, майстори (Запис номер 92884)
[ съкратено ]
| 000 -Лидер | |
|---|---|
| Контролно поле с фиксирана дължина | 01629nam a2200385 c 4500 |
| 003 - Код на организацията, давaща контролен номер | |
| Контролно поле | BLK |
| 005 - Дата и час на последна редакция | |
| Контролно поле | 20221022103126.0 |
| 008 - Елементи от данни с фиксирана дължина | |
| fixed length control field | 180408b bul|||||r ||||||| ||bul|| |
| 010 ## - Наследен системен номер | |
| LC control number | KNG00097672000 |
| 040 ## - Източник на каталожния запис | |
| Идентификатор на билиотеката - собственик на записа | BLK |
| 041 ## - Код за език | |
| Код за езика на текст/звукозапис или на отделно заглавие | Български |
| Код за езика КДБФ | Български |
| 080 ## - УДК | |
| Текстов определител УДК | Художествена обработка на метали |
| УДК код - определител по УДК | 739 |
| УДК определител | (035) |
| УДК - код + определител | 739(035) |
| 080 ## - УДК | |
| Текстов определител УДК | Изделия от благородни метали и скъпоценни камъни. Бижутерия |
| УДК код - определител по УДК | 671 |
| УДК определител | (035) |
| УДК - код + определител | 671(035) |
| 100 1# - Редна дума - Автор | |
| Автор | Владимир, Петер |
| Авторска отговорност | първи автор |
| R(LIN) | 305150 |
| 139 ## - Редно поле | |
| Редна дума | Петер, Владимир |
| Авторски знак | Пете - П 42 |
| 245 10 - Сведения за заглавието | |
| Заглавие | Метали, камъни, майстори |
| Подзаглавни данни | Практ. съвети за худож. обраб. на металите |
| Редно поле (дума) | Петер Владимир; прев. от унг. Гизела Шоршич. |
| 257 ## - Страна на издаване | |
| Страна на създаване/издаване | Унгария |
| 260 ## - Област на издателските данни | |
| -- | София |
| Име на издателя, разпространителя и проч. | Бълг. художник |
| Година на издаване | 1978 |
| 300 ## - Физическа характеристика | |
| Страници | 39 с. |
| Илюстрации и др. | с ил., 8 л. ил. |
| Размери/Мащаб | 20 см |
| 380 ## - Жанр | |
| Жанр | Изкуство |
| 490 1# - СЕРИИ (Колекции) | |
| Име на серия | Изкуството и ние |
| 500 ## - Общи забележки | |
| Забележка | Ориг. загл. Femek, kovek, mesterek. - 8 120 тир. |
| 650 #4 - Допълнително описание по предмет – тема | |
| Основно описание – тема или топоним | Художествена обработка на метали |
| 9 (RLIN) | 304872 |
| 653 ## - Ключова дума – ненормативна | |
| Ключова дума | метали |
| 653 ## - Ключова дума – ненормативна | |
| Ключова дума | скъпоценни камъни |
| 653 ## - Ключова дума – ненормативна | |
| Ключова дума | обработка |
| 653 ## - Ключова дума – ненормативна | |
| Ключова дума | наръчници |
| 653 ## - Ключова дума – ненормативна | |
| Ключова дума | ръководства |
| 700 1# - Други автори (авторска отговорност) | |
| Лично име | Шоршич, Гизела |
| Автороска отговорност (Описва отношението между автора и произведението) | прев. от унг. |
| 9 (RLIN) | 276623 |
| 852 ## - Местоположение | |
| Форматна сигнатура | Цб 96002 |
| 856 4# - Електронен адрес и достъп | |
| Електронен формат | pdf - файл |
| Път до файла /url/ | |
| 856 4# - Електронен адрес и достъп | |
| Електронен формат | pdf - файл |
| Път до файла /url/ | |
| 942 ## - АРТИКУЛИ | |
| Вид на библиотечния материал | Книги |
| Скрит в OPAC | Не |
| Koha issues (borrowed), all copies | 1 |
| 944 ## - СЪЗДАВАНЕ И РЕДАКЦИЯ на ЗАПИСА | |
| Създаване/Редакция | Създаване |
| Дата на регистрацията/редакция | 27.10.2010 |
| Статус, дата на статуса | ф / 27.10.2010 |
| Служител, извършил регистрацията/редакцията | Людмила_Стоянова |
| 944 ## - СЪЗДАВАНЕ И РЕДАКЦИЯ на ЗАПИСА | |
| Създаване/Редакция | Редакция |
| Дата на регистрацията/редакция | 18.08.2011 |
| Статус, дата на статуса | ф / 27.10.2010 |
| Служител, извършил регистрацията/редакцията | |
| 999 ## - СИСТЕМНИ КОНТРОЛНИ НОМЕРА | |
| Koha biblionumber | 92884 |
| Koha biblioitemnumber | 92884 |
| Код за отписване | Код за изгубен артикул | Източник на класификационната схема | Код за повреда | Коз за рестрикции | Код за отдаване | Артикулен № | Име на библиотеката - собственик | Име на библиотеката, в която се намира в момента | Статус (Текущо местоположение) | Дата на вписване в системата | Местоположение - отдел | Цена в лева | Инвентарен номер | Систематично азбучна сигнатура | Баркод | Номер на екземпляра | Цена в евро | Служебна бележка | Служебен тип на артикула |
|---|---|---|---|---|---|---|---|---|---|---|---|---|---|---|---|---|---|---|---|
| Не е изгубен | Universal Decimal Classification | Не е повреден | само за читалня | ползва се в читалня | 149444 | Регионална библиотека "Любен Каравелов" Русе | Регионална библиотека "Любен Каравелов" Русе | Хранилище | 1978-01-01 | Хранилище | 0.62 | 271063 | Цб 298527 | 120000271063 | 1 | 0.32 | Дост: Dp Вид: Д N: стар фонд Дата: 01.01.1978 | Книги | |
| Не е изгубен | Universal Decimal Classification | Не е повреден | без рестрикции | заемане за дома | 149445 | Регионална библиотека "Любен Каравелов" Русе | Регионална библиотека "Любен Каравелов" Русе | Отдел Изкуство - подръчен фонд | 1978-01-01 | Отдел Изкуство - подръчен фонд | 0.62 | 273483 | 73/П 42 | 120000273483 | 2 | 0.32 | Дост: Pk Вид: Ф N: стар фонд Дата: 01.01.1978 Дата инв: 07.06.2012 Бележки инв: * | Книги | |
| Изтеглен | Не е изгубен | Universal Decimal Classification | Не е повреден | без рестрикции | заемане за дома | 149446 | Регионална библиотека "Любен Каравелов" Русе | Регионална библиотека "Любен Каравелов" Русе | Отдел Изкуство - подръчен фонд | 2011-06-29 | Отдел Изкуство - подръчен фонд | 4.00 | 120000751594 | 73/76/П 42 | 120000751594 | 3 | 2.05 | Дост: DA Вид: А N: 10 Дата: 29.06.2011 Дата инв: 12.02.2015 Бележки инв: ИП2015 | Книги |